000 00326nam a2200109 a 4500
005 20201002034353.0
008 130906s2013 000 spa d
100 _aStefan Álvarez, Edgar
_966792
245 0 _aMecánica de suelos : prácticas de laboratorio.
260 _aSanto Domingo-- Intec,
_c2013-- 72 p.
999 _c40264
_d40264
040 _aDO-SdBNP